000 00892nam a2200229Ia 4500
003 CO-CtgCURN
005 20250408225753.0
008 190722s9999 xx 000 0 und d
040 _aCO-CtgCURN
_bspa
_ccoctgcurn
082 _a342.861
_bZ94c
100 _aZuleta Cano, Jose Abad
245 0 _aConstitucion política colombiana de 1991 confrontada con la de 1886 :
_bactualizadas y concordadas /
_cJose Abad Zuleta Cano y Gloria Maria Londono R.
260 _aMedellín, Antioquia :
_bLibreia Juridica,
_c2004
300 _a277 páginas ;
_c21 centímetros
521 _aAREA PROFESIONAL
590 _aPrograma de Derecho_18
650 _aConstitucion política
_zColombia
650 _aDerecho constitucional
_zColombia
700 _aLondono R., Gloria Maria
942 _cBK
_h342.861
_iZ94c
_2ddc
_n0
999 _c28544
_d28544